| 000 | 01121nac a22003377a 4500 | ||
|---|---|---|---|
| 001 | BR0003083 | ||
| 003 | BR-BrBNA | ||
| 005 | 20240105122428.0 | ||
| 008 | 230509b bl.|||m| |||| 00| 0 por d | ||
| 040 |
_aBR-BrBNA _bpor _cBiblioteca Nacional de Agricultura |
||
| 072 | _aC10 | ||
| 090 | _a0150 BR0003083 | ||
| 100 | 1 | _aVoltolini, J. | |
| 100 | 1 | _aKnoblauch, R. | |
| 100 | 1 | _aSantini, S.V. | |
| 100 | 1 | _aFernandes, V.S. | |
| 100 | 1 | _aFuchs, G. | |
| 110 | 1 | _aEmpresa de Pesquisa Agropecuaria e de Extensao Rural de Santa Catarina S.A., Florianopolis (Brasil) | |
| 245 | 1 | _aCurso profissionalizante de arroz irrigado | |
| 260 | 3 |
_aFlorianopolis, SC (Brasil): _c1998. |
|
| 300 | _a107 p. | ||
| 490 |
_aBoletim Didatico - Empresa de Pesquisa Agropeucaria e Extensao Rural de Santa Catarina S.A. (Brazil) _vno. 22 _xISSN 1414-5219 |
||
| 500 | _a31 ref.; 24 tables; 88 illus. | ||
| 650 | _aArroz Irrigado | ||
| 650 | _aFormacao Profissional | ||
| 650 | _aCurso | ||
| 650 | _aPratica Cultural | ||
| 650 | _aDoenca de Planta | ||
| 909 |
_a202312 _bLúcia Elande _c55 _dLúcia Elande |
||
| 942 |
_2AGRIS _n0 _cMS |
||
| 999 |
_c290981 _d290981 |
||